Southville International School and Colleges
Your cart is empty.
  • Cart
  • Lists
    Public lists Eva Luna New books Lux_list list_1
    Your lists Log in to create your own lists
  • Log in to your account
  • Your cookies
  • Search history
Southville International School and Colleges
  • Advanced search
  • Recent comments
  • Most popular
  • Libraries

Log in to your account

Log in with GOOGLE


If you do not have an external account, but do have a local account, you can still log in:

  1. Home
  2. MARC view: New Hampshire
Normal view MARC view ISBD view

New Hampshire (Record no. 368708)

[ view plain ]
MARC details
000 -LEADER
fixed length control field 00555nam a22002057a 4500
003 - CONTROL NUMBER IDENTIFIER
control field 0
005 - DATE AND TIME OF LATEST TRANSACTION
control field 20260116100609.0
008 - FIXED-LENGTH DATA ELEMENTS--GENERAL INFORMATION
fixed length control field 260116b xxu||||| |||| 00| 0 eng d
020 ## - INTERNATIONAL STANDARD BOOK NUMBER
International Standard Book Number 9780486828305
050 ## - LIBRARY OF CONGRESS CALL NUMBER
Classification number CL
Item number Fr939 2019
082 ## - DEWEY DECIMAL CLASSIFICATION NUMBER
Classification number CL
Item number Fr939 2019
100 ## - MAIN ENTRY--PERSONAL NAME
Personal name Frost, Robert
245 ## - TITLE STATEMENT
Title New Hampshire
Statement of responsibility, etc Robert Frost
250 ## - EDITION STATEMENT
Edition statement Dover Thrift editions
260 ## - PUBLICATION, DISTRIBUTION, ETC. (IMPRINT)
Place of publication, distribution, etc Mineola, New York :
Name of publisher, distributor, etc Dover Publications, Inc.,
Date of publication, distribution, etc 2019.
300 ## - PHYSICAL DESCRIPTION
Extent xii, 113 pages ;
Dimensions 21 cm.
650 ## - SUBJECT ADDED ENTRY--TOPICAL TERM
Topical term or geographic name as entry element New Hampshire
General subdivision Poetry.
650 ## - SUBJECT ADDED ENTRY--TOPICAL TERM
Topical term or geographic name as entry element Poetry.
942 ## - ADDED ENTRY ELEMENTS (KOHA)
Source of classification or shelving scheme Dewey Decimal Classification
Koha item type Books
Holdings
Withdrawn status Lost status Source of classification or shelving scheme Damaged status Home library Current library Shelving location Date acquired Source of acquisition Sub Shelving location Total Checkouts Full call number Barcode Date last seen Price effective from Koha item type
    Dewey Decimal Classification   Munich Library Munich Library Classic Section 01/16/2026 Library Fund     CL Fr939 2019 M9287 01/16/2026 01/16/2026 Books

New Hampshire

APA

Frost R., . (2019). New Hampshire. Mineola, New York: Dover Publications, Inc.

Chicago

Frost Robert, . 2019. New Hampshire. Mineola, New York: Dover Publications, Inc.

Harvard

Frost R., . (2019). New Hampshire. Mineola, New York: Dover Publications, Inc.

MLA

Frost Robert, . New Hampshire. Mineola, New York: Dover Publications, Inc. 2019.

  • Place hold
  • Print
  • Cite
  • Add to your cart (remove)
  • Save record
    BIBTEX Dublin Core MARCXML MARC (non-Unicode/MARC-8) MARC (Unicode/UTF-8) MARC (Unicode/UTF-8, Standard) MODS (XML) RIS
  • More searches
    Search for this title in:
    Other Libraries (WorldCat) Other Databases (Google Scholar) Online Stores (Bookfinder.com) Open Library (openlibrary.org)

Exporting to Dublin Core...

SOUTHVILLE LIBRARY

Southville International School and Colleges Library

1281 Tropical Ave. Cor. Luxembourg St., BF Homes International, Las Pinas City

Tel. No. 8256374 / 252358 Loc. 117/146

Powered by Koha